Geschlechterverhältnisse und die "soziale Verwendung des Körpers" in der Jugend: eine sozialepidemiologische Reanalyse

Gespeichert in:  
Bibliographische Detailangaben
1. VerfasserIn: Helfferich, Cornelia 1951-2021 (Verfasst von)
Medienart: Druck Buch
Sprache:Deutsch
Veröffentlicht: 1989
In:Jahr: 1989
Verfügbarkeit prüfen: HBZ Gateway
Subito Bestelldienst: Jetzt bestellen.
Schlagwörter:

MARC

LEADER 00000cam a2200000 c 4500
001 1093371064
003 DE-627
005 20251224220504.0
007 tu
008 910226s1989 xx ||||| m 00| ||ger c
035 |a (DE-627)1093371064 
035 |a (DE-576)023371064 
035 |a (DE-599)BSZ023371064 
035 |a (DE-604)8043281508 
040 |a DE-627  |b ger  |c DE-627  |e rakwb 
041 |a ger 
082 0 |a 305.235 
100 1 |a Helfferich, Cornelia  |d 1951-2021  |0 (DE-588)128990341  |0 (DE-627)386704848  |0 (DE-576)167479334  |4 aut 
109 |a Helfferich, Cornelia 1951-2021 
245 1 0 |a Geschlechterverhältnisse und die "soziale Verwendung des Körpers" in der Jugend  |b eine sozialepidemiologische Reanalyse  |c vorgelegt von Cornelia Helfferich 
264 1 |c 1989 
300 |a 285 S.  |b graph. Darst. 
336 |a Text  |b txt  |2 rdacontent 
337 |a ohne Hilfsmittel zu benutzen  |b n  |2 rdamedia 
338 |a Band  |b nc  |2 rdacarrier 
502 |a Freiburg, Univ., Diss., 1990 
655 7 |a Hochschulschrift  |0 (DE-588)4113937-9  |0 (DE-627)105825778  |0 (DE-576)209480580  |2 gnd-content 
689 0 0 |d s  |0 (DE-588)4028859-6  |0 (DE-627)104419199  |0 (DE-576)208979859  |a Jugend  |2 gnd 
689 0 1 |d s  |0 (DE-588)4020548-4  |0 (DE-627)104106883  |0 (DE-576)208933824  |a Geschlechterverhältnis  |2 gnd 
689 0 2 |d s  |0 (DE-588)4120582-0  |0 (DE-627)105775460  |0 (DE-576)209536330  |a Körpererfahrung  |2 gnd 
689 0 3 |d s  |0 (DE-588)4055741-8  |0 (DE-627)106156969  |0 (DE-576)209115203  |a Sozialepidemiologie  |2 gnd 
689 0 |5 (DE-627) 
689 1 0 |d s  |0 (DE-588)4028859-6  |0 (DE-627)104419199  |0 (DE-576)208979859  |a Jugend  |2 gnd 
689 1 1 |d s  |0 (DE-588)4071808-6  |0 (DE-627)104516682  |0 (DE-576)209184973  |a Gesundheitsgefährdung  |2 gnd 
689 1 2 |d s  |0 (DE-588)4071781-1  |0 (DE-627)104516690  |0 (DE-576)209184892  |a Geschlechtsunterschied  |2 gnd 
689 1 |5 (DE-627) 
689 2 0 |d s  |0 (DE-588)4028859-6  |0 (DE-627)104419199  |0 (DE-576)208979859  |a Jugend  |2 gnd 
689 2 1 |d s  |0 (DE-588)4137718-7  |0 (DE-627)105647950  |0 (DE-576)209679972  |a Körperbild  |2 gnd 
689 2 2 |d s  |0 (DE-588)4071781-1  |0 (DE-627)104516690  |0 (DE-576)209184892  |a Geschlechtsunterschied  |2 gnd 
689 2 |5 (DE-627) 
751 |a Freiburg  |4 uvp 
951 |a BO 
ELC |b 1 
LOK |0 000 xxxxxcx a22 zn 4500 
LOK |0 001 287333066X 
LOK |0 003 DE-627 
LOK |0 004 1093371064 
LOK |0 005 20151116140008 
LOK |0 008 150728||||||||||||||||ger||||||| 
LOK |0 035   |a (DE-21-110)kd6647 
LOK |0 040   |a DE-21-110  |c DE-627  |d DE-21-110 
LOK |0 689   |a s  |a Geschlechtsrolle 
LOK |0 852   |z Kein Bestand am IfK; Nachweis für KrimDok 
LOK |0 852   |a DE-21-110 
LOK |0 852 1  |9 00 
LOK |0 935   |a k110 
LOK |0 939   |a 28-07-15  |b l01 
ORI |a SA-MARC-krimdoka001.raw